000 00602cam a2200217 a 4500
001 4330350
005 20180208070858.0
008 890105s1989 enka b 101 0 eng
010 _a 88035363
020 _a0521362334
040 _aDLC
_cDLC
_dDLC
041 _aeng
080 _a330/.09 dav
082 0 0 _a330/.09 dav
_219
100 _a52
101 _aeco
245 0 4 _aThe Spread of economic ideas /
_cedited by David C. Colander and A.W. Coats.
504 _aIncludes bibliographical references (p. 249-256)
906 _a7
_bcbc
_corignew
_d1
_eocip
_f19
_gy-gencatlg
942 _2ddc
_cBK
999 _c42138
_d42138